Statistics for 人口500,000人〜699,999人の市区

Click here to take the quiz!

General Stats

  • This quiz has been taken 67 times
  • The average score is 10 of 13

Answer Stats

HintAnswer% Correct
647,105船橋
90%
592,656川口
86%
677,286静岡
81%
587,049鹿児島
79%
522,328姫路
78%
513,257宇都宮
74%
585,909板橋
72%
536,250江東
72%
691,058江戸川
71%
578,396八王子
69%
695,828足立
67%
589,380杉並
66%
502,387松山
64%

Score Distribution

Percentile by Number Answered

Percent of People with Each Score

Your Score History

You have not taken this quiz